Statistics for Country Borders True or False #3

Click here to take the quiz!

General Stats

  • This quiz has been taken 35 times
  • The average score is 13 of 15

Answer Stats

QuestionAnswer% Correct
Israel borders JordanTrue
100%
Indonesia borders East TimorTrue
100%
Eswatini borders LesothoFalse
97%
Greece borders TurkeyTrue
97%
China borders BangladeshFalse
94%
North Macedonia borders KosovoTrue
94%
Russia borders ArmeniaFalse
91%
Germany borders ItalyFalse
88%
Yemen borders The United Arab EmiratesFalse
84%
Bolivia borders ParaguayTrue
84%
Burundi borders TanzaniaTrue
84%
Chile borders EcuadorFalse
81%
Poland borders BelarusTrue
78%
Sudan borders EritreaTrue
78%
Austria borders SloveniaTrue
75%

Score Distribution

Percentile by Number Answered

Percent of People with Each Score

Your Score History

You have not taken this quiz